Normal view
MARC view
Entry Personal Name
001 - CONTROL NUMBER
- control field: 17649
003 - CONTROL NUMBER IDENTIFIER
- control field: ARRUPE
005 - DATE AND TIME OF LATEST TRANSACTION
- control field: 20150504124943.0
008 - FIXED-LENGTH DATA ELEMENTS
- fixed length control field: 150504|| aca||aabn | a|a d
040 ## - CATALOGING SOURCE
- Original cataloging agency: ARRUPE
- Transcribing agency: ARRUPE
100 ## - HEADING--PERSONAL NAME
- Personal name: Atanda, J. A.
- Fuller form of name: (Joseph Adebowale)
670 ## - SOURCE DATA FOUND
- Source citation: Work cat.: (ARRUPE)0: Atanda, J. A. (Joseph Adebowale), An introduction to Yoruba history /, 1980.